| 000 | 01276nam a22003374a 4500 | ||
|---|---|---|---|
| 001 | ebr10416100 | ||
| 003 | CaPaEBR | ||
| 006 | m u | ||
| 007 | cr cn||||||||| | ||
| 008 | 090121s2008 ii a sb 001 0 eng | ||
| 010 | _z 2009341511 | ||
| 020 | _z9788189920838 | ||
| 020 | _z8189920839 | ||
| 025 | _aI-E-2009-341511; 85-90 | ||
| 040 |
_aCaPaEBR _cCaPaEBR |
||
| 035 | _a(OCoLC)639015337 | ||
| 043 | _aa-ii--- | ||
| 050 | 1 | 4 |
_aSB177.L45 _bT88 2008eb |
| 100 | 1 | _aTuteja, Usha. | |
| 245 | 1 | 0 |
_aIndia's pulse production _h[electronic resource] : _bstagnation and redressal / _cUsha Tuteja ; foreword by Sukhadeo Thorat. |
| 260 |
_aNew Delhi : _bPragun Publication, _cc2008. |
||
| 300 |
_axxx, 402 p. : _bill. |
||
| 500 | _aIncludes index. | ||
| 504 | _aIncludes bibliographical references (p. [387]-397). | ||
| 533 |
_aElectronic reproduction. _bPalo Alto, Calif. : _cebrary, _d2013. _nAvailable via World Wide Web. _nAccess may be limited to ebrary affiliated libraries. |
||
| 650 | 0 |
_aLegumes _xYields _zIndia. |
|
| 650 | 0 |
_aLegume industry _zIndia. |
|
| 655 | 7 |
_aElectronic books. _2local |
|
| 710 | 2 | _aebrary, Inc. | |
| 856 | 4 | 0 |
_uhttp://site.ebrary.com/lib/rucke/Doc?id=10416100 _zAn electronic book accessible through the World Wide Web; click to view |
| 999 |
_c86312 _d86312 |
||